|
|
|
|
| LEADER |
00000nab a2200000 a 4500 |
| 001 |
vtls000534283 |
| 003 |
SK-MaSNL |
| 005 |
20260304094917.0 |
| 008 |
250425c1992 xo | | | | 0 slo |
| 015 |
|
|
|a SNBRA19rr/mm-uuuuu
|
| 035 |
|
|
|a CL0534421
|
| 035 |
|
|
|a urn:nbn:sk:snk-ab25o6
|
| 035 |
|
|
|a (urnnbn)urn:nbn:sk:snk:ar-a01pij
|
| 035 |
|
|
|a (uuid)05a9cee1-4111-4d78-9d31-94b3f9a158b2
|
| 040 |
|
|
|a SNKBUCL
|b slo
|c SNKBUCL
|e AACR2
|
| 041 |
0 |
|
|a eng
|
| 044 |
|
|
|a xo
|c SK
|
| 080 |
|
|
|a 510.22:519.2:517
|2 1981
|
| 080 |
|
|
|a 519.2
|2 1981
|
| 080 |
|
|
|a 517
|2 1981
|
| 100 |
1 |
|
|a Vrábelová, Marta
|4 aut
|9 490962
|
| 245 |
1 |
0 |
|a A note on the upper integral of fuzzy sets
|c Marta Vrábelová, Jana Beňová
|
| 300 |
|
|
|b Lit. 4 zázn. v angl., slov.
|
| 650 |
0 |
7 |
|a fuzzy množiny
|2 snkbucl
|9 945
|
| 650 |
0 |
7 |
|a horný integrál
|2 snkbucl
|9 1391723
|
| 655 |
|
7 |
|a štúdie
|2 snkbucl
|9 57033
|
| 700 |
1 |
|
|a Beňová, Jana
|4 aut
|9 349567
|
| 773 |
0 |
|
|t Acta mathematica et informatica 1
|d Nitra : Pedagogická fakulta, 1992
|g S. 17-25
|z 8085183846
|
| 850 |
|
|
|a Slovenská národná knižnica
|
| 852 |
|
|
|a Slovenská národná knižnica
|
| 958 |
|
|
|a article27
|
| 958 |
|
|
|a RK
|
| 958 |
|
|
|a OND
|
| 958 |
|
|
|a EUIPO
|
| 992 |
|
|
|a RZB
|
| 999 |
|
|
|c 2829625
|d 2831555
|